000 00594cam a2200217 a 4500
008
020 _a9781848667068 (hbk.)
049 _aMAIN
090 _aQC23
_bBAK
100 1 _aBaker, Joanne
245 1 0 _a50 physics ideas you really need to know /
_cJoanne Baker
260 _aLondon :
_bQuercus,
_c2007
300 _a208 p. :
_bill. ;
_c21 cm
500 _aIncludes index
650 0 _aPhysics
_vPopular works
907 _a.b10379307
_b23-02-17
_c23-02-17
003
005 20230123122244.0
040 _cNUST
942 _cBOOKS
_kQC23
_mBAK
999 _c130511
_d130511